LEADER 01147nam a2200253 i 4500 001 000000152843 003 CaOOAMICUS 005 20060905000000.0 008 060905s1973 it u000 u ita u 013 $a130184 040 $aSeMil$bita 100 1 $aSpinoza, Benedictus : de ,$d<1632-1677>.$0(OLS)http://semarc/name/5025 245 10$aEtica :$bantologia /$cBaruch Spinoza ; [scelta, introd., trad. e commento a cura di Piero Di Vona]. 260 $aFirenze :$bLa Nuova Italia,$c1973. 300 $aIX, 235 p. ;$c20 cm. 490 0 $aPensatori antichi e moderni ;$v90 650 4$aSpinoza, Benedetto <1632-1677> . Ethica ordine geometrico demonstrata.$0(OLS)http://semarc/subject/10319 700 1 $aDi Vona, Piero,$d<1928- >.$0(OLS)http://semarc/name/9279 830 0$aPensatori antichi e moderni ;$v90.$0(OLS)http://semarc/title/7234 850 $aSeMil 852 $aSeMil$W1$xVenegono$y1$m2P IV 575$j104787$B104787$CSeMilBibl$Z2$F114050 $81 961 $aLascito: Gogna prof.ssa Silvia 996 $6245$aEtica :$bantologia$9(OLS)http://semarc/title/223511 996 $6260$aFirenze :$bLa Nuova Italia$9(OLS)http://semarc/publisher/30055 LEADER 01152nam a2200265 i 4500 001 000000063086 003 CaOOAMICUS 005 20130910000000.0 008 130910s1967 it u000 u ita u 013 $a34258 040 $aSeMil$bita 100 1 $aRöper, Anita.$0(OLS)http://semarc/name/17887 240 14$aDie anonymen Christen.$0(OLS)http://semarc/title/99441 245 12$aI Cristiani anonimi /$cAnita Röper ; traduzione dal tedesco ed editoriale di Alfredo Marranzini. 260 $aBrescia :$bQueriniana,$c1967 (copyr. 1966) 300 $a181 p. ;$c20 cm. 490 0 $aGiornale di teologia ;$v6 650 4$aTeologia - Saggi.$0(OLS)http://semarc/subject/231 650 4$aCristiani - Identitā.$0(OLS)http://semarc/subject/12240 700 1 $aMarranzini, Alfredo,$c.$0(OLS)http://semarc/name/4942 830 0$aGiornale di teologia ;$v6.$0(OLS)http://semarc/title/419620 850 $aSeMil 852 $aSeMil$W1$xVenegono$y1$m2XA G 6$j29239$B29239$CSeMilBibl$Z2$F29242 $81 996 $6245$aI Cristiani anonimi$9(OLS)http://semarc/title/99440 996 $6260$aBrescia :$bQueriniana$9(OLS)http://semarc/publisher/29615